The Soviet Union in the 1980s / (Record no. 1901)
[ view plain ]
| 000 -LEADER | |
|---|---|
| fixed length control field | 01107cam a2200301 a 4500 |
| 001 - CONTROL NUMBER | |
| control field | 2843883 |
| 003 - CONTROL NUMBER IDENTIFIER | |
| control field | OSt |
| 005 - DATE AND TIME OF LATEST TRANSACTION | |
| control field | 20230620160526.0 |
| 008 - FIXED-LENGTH DATA ELEMENTS--GENERAL INFORMATION | |
| fixed length control field | 840521s1984 nyu b 101 0 eng |
| 010 ## - LIBRARY OF CONGRESS CONTROL NUMBER | |
| LC control number | 8471447 |
| 040 ## - CATALOGING SOURCE | |
| Original cataloging agency | DLC |
| Transcribing agency | DLC |
| Modifying agency | DLC |
| 043 ## - GEOGRAPHIC AREA CODE | |
| Geographic area code | e-ur--- |
| 082 00 - DEWEY DECIMAL CLASSIFICATION NUMBER | |
| Classification number | 324 |
| 100 ## - MAIN ENTRY--PERSONAL NAME | |
| Titles and words associated with a name | Erik P. Hoffmann |
| 245 04 - TITLE STATEMENT | |
| Title | The Soviet Union in the 1980s / |
| Statement of responsibility, etc. | edited by Erik P. Hoffmann. |
| 260 ## - PUBLICATION, DISTRIBUTION, ETC. (IMPRINT) | |
| Place of publication, distribution, etc. | New York : |
| Name of publisher, distributor, etc. | Academy of Political Science, |
| Date of publication, distribution, etc. | 1984. |
| 300 ## - PHYSICAL DESCRIPTION | |
| Extent | xii, 244 p. ; |
| Dimensions | 23 cm. |
| 440 #0 - SERIES STATEMENT/ADDED ENTRY--TITLE | |
| Title | Proceedings of the Academy of Political Science, |
| International Standard Serial Number | 0065-0684 ; |
| Volume/sequential designation | v. 35, no. 3 |
| 504 ## - BIBLIOGRAPHY, ETC. NOTE | |
| Bibliography, etc | Includes bibliographies and index. |
| 651 #0 - SUBJECT ADDED ENTRY--GEOGRAPHIC NAME | |
| Geographic name | Soviet Union |
| General subdivision | Politics and government |
| Chronological subdivision | 1945-1991 |
| General subdivision | Congresses. |
| 651 #0 - SUBJECT ADDED ENTRY--GEOGRAPHIC NAME | |
| Geographic name | Soviet Union |
| General subdivision | Social conditions |
| Chronological subdivision | 1970-1991 |
| General subdivision | Congresses. |
| 651 #0 - SUBJECT ADDED ENTRY--GEOGRAPHIC NAME | |
| Geographic name | Soviet Union |
| General subdivision | Economic conditions |
| Chronological subdivision | 1975-1985 |
| General subdivision | Congresses. |
| 651 #0 - SUBJECT ADDED ENTRY--GEOGRAPHIC NAME | |
| Geographic name | Soviet Union |
| General subdivision | Military policy |
| -- | Congresses. |
| 651 #0 - SUBJECT ADDED ENTRY--GEOGRAPHIC NAME | |
| Geographic name | Soviet Union |
| General subdivision | Foreign relations |
| Chronological subdivision | 1975-1985 |
| General subdivision | Congresses. |
| 700 1# - ADDED ENTRY--PERSONAL NAME | |
| Personal name | Hoffmann, Erik P., |
| Dates associated with a name | 1939- |
| 906 ## - LOCAL DATA ELEMENT F, LDF (RLIN) | |
| a | 7 |
| b | cbc |
| c | orignew |
| d | 2 |
| e | opcn |
| f | 19 |
| g | y-gencatlg |
| 942 ## - ADDED ENTRY ELEMENTS (KOHA) | |
| Source of classification or shelving scheme | Dewey Decimal Classification |
| Koha item type | Books |
| Withdrawn status | Lost status | Source of classification or shelving scheme | Damaged status | Not for loan | Home library | Current library | Date acquired | Total Checkouts | Full call number | Barcode | Date last seen | Price effective from | Koha item type |
|---|---|---|---|---|---|---|---|---|---|---|---|---|---|
| Dewey Decimal Classification | County Hall Archives | County Hall Archives | 06/20/2023 | 324 | 10002039 | 06/20/2023 | 06/20/2023 | Books |
